Kỹ thuật nuôi cá tra & ba sa trong ao
Sách gồm 3 phần: phần 1 kỹ thuật đào ao cá; phần 2 nuôi cá tra và cá basa trong ao; phần 3 phòng và trị bệnh cho cá tra và cá basa.
Сохранить в:
| Главный автор: | |
|---|---|
| Формат: | |
| Язык: | Undetermined |
| Опубликовано: |
Đà Nẵng
Nhà xuất bản Đà Nẵng
2008
|
| Предметы: | |
| Метки: |
Добавить метку
Нет меток, Требуется 1-ая метка записи!
|
| Thư viện lưu trữ: | Trung tâm Học liệu Trường Đại học Cần Thơ |
|---|
| LEADER | 00799nam a2200205Ia 4500 | ||
|---|---|---|---|
| 001 | CTU_133220 | ||
| 008 | 210402s9999 xx 000 0 und d | ||
| 020 | |c 16000 | ||
| 082 | |a 639.311 | ||
| 082 | |b Đ450ctr | ||
| 100 | |a Đoàn, Khắc Độ | ||
| 245 | 0 | |a Kỹ thuật nuôi cá tra & ba sa trong ao | |
| 245 | 0 | |c Đoàn Khắc Độ | |
| 260 | |a Đà Nẵng | ||
| 260 | |b Nhà xuất bản Đà Nẵng | ||
| 260 | |c 2008 | ||
| 520 | |a Sách gồm 3 phần: phần 1 kỹ thuật đào ao cá; phần 2 nuôi cá tra và cá basa trong ao; phần 3 phòng và trị bệnh cho cá tra và cá basa. | ||
| 650 | |a Freshwater fishes,Cá nước ngọt | ||
| 904 | |i Trọng Hải | ||
| 980 | |a Trung tâm Học liệu Trường Đại học Cần Thơ | ||